北海道・東北の市 - Statistics

General Stats
  • This quiz has been taken 937 times
  • The average score is 85 of 112
Answer Stats
都道府県 人口 面積(km²) % Correct
北海道 札幌市 1,973,395 1121.26
100%
北海道 函館市 251,084 677.87
99%
北海道 旭川市 329,306 747.66
97%
北海道 釧路市 165,077 1363.29
97%
青森県 青森市 275,192 824.61
96%
北海道 稚内市 33,563 761.42
95%
青森県 八戸市 223,415 305.56
94%
岩手県 盛岡市 289,731 886.47
94%
宮城県 仙台市 1,096,704 786.35
94%
北海道 小樽市 111,299 243.83
93%
北海道 苫小牧市 170,113 561.65
93%
秋田県 秋田市 307,672 906.07
93%
北海道 帯広市 166,536 619.34
92%
北海道 根室市 24,636 411.41
92%
青森県 弘前市 168,466 524.2
92%
山形県 山形市 247,590 381.3
92%
福島県 福島市 282,693 767.72
92%
北海道 室蘭市 82,383 81.01
91%
岩手県 花巻市 93,193 908.39
91%
北海道 北見市 115,480 1427.41
90%
宮城県 石巻市 140,151 554.55
90%
福島県 郡山市 327,692 757.2
90%
福島県 いわき市 332,931 1232.26
90%
北海道 夕張市 7,334 763.07
88%
北海道 網走市 35,759 471
88%
青森県 むつ市 54,103 864.2
88%
岩手県 一関市 111,932 1256.42
88%
福島県 会津若松市 117,376 382.97
88%
北海道 千歳市 97,950 594.5
87%
北海道 北広島市 58,171 119.05
86%
青森県 五所川原市 51,415 404.2
86%
山形県 酒田市 100,273 602.97
86%
山形県 鶴岡市 122,347 1311.51
85%
青森県 十和田市 60,378 725.65
83%
岩手県 北上市 93,045 437.55
83%
山形県 米沢市 81,252 548.51
83%
山形県 天童市 62,140 113.02
83%
宮城県 気仙沼市 61,147 332.44
82%
秋田県 由利本荘市 74,707 1209.59
82%
北海道 岩見沢市 79,306 481.02
81%
北海道 富良野市 21,131 600.71
81%
北海道 石狩市 56,869 722.42
81%
宮城県 名取市 78,718 98.18
81%
北海道 留萌市 20,114 297.84
80%
岩手県 奥州市 112,937 993.3
80%
秋田県 男鹿市 25,154 241.09
80%
山形県 新庄市 34,432 222.85
80%
北海道 伊達市 32,826 444.21
79%
岩手県 二戸市 25,513 420.42
79%
宮城県 大崎市 127,330 796.81
79%
秋田県 横手市 85,555 692.8
79%
福島県 伊達市 58,240 265.12
79%
北海道 歌志内市 2,989 55.95
78%
北海道 北斗市 44,302 397.44
78%
秋田県 大仙市 77,657 866.79
78%
岩手県 宮古市 50,369 1259.15
77%
宮城県 白石市 32,758 286.48
77%
秋田県 大館市 69,237 913.22
77%
福島県 白河市 59,491 305.32
77%
福島県 相馬市 34,865 197.79
77%
北海道 滝川市 39,490 115.9
76%
秋田県 能代市 49,968 426.95
76%
福島県 南相馬市 59,005 398.58
76%
北海道 江別市 121,056 187.38
75%
北海道 名寄市 27,282 535.2
75%
岩手県 大船渡市 34,728 322.51
75%
岩手県 陸前高田市 18,262 231.94
75%
秋田県 北秋田市 30,198 1152.76
74%
北海道 紋別市 21,215 830.67
73%
北海道 恵庭市 70,331 294.65
73%
岩手県 釜石市 32,078 440.35
73%
福島県 二本松市 53,557 344.42
73%
青森県 つがる市 30,934 253.55
72%
宮城県 栗原市 64,637 804.97
72%
北海道 砂川市 16,486 78.68
71%
北海道 登別市 46,391 212.21
71%
秋田県 仙北市 24,610 1093.56
71%
宮城県 塩竈市 52,203 17.37
70%
山形県 東根市 47,682 206.94
70%
福島県 喜多方市 44,760 554.63
70%
岩手県 久慈市 33,043 623.5
69%
宮城県 多賀城市 62,827 19.69
69%
北海道 深川市 20,039 529.42
68%
青森県 三沢市 39,152 119.87
68%
秋田県 にかほ市 23,435 241.13
68%
宮城県 登米市 76,037 536.12
67%
青森県 黒石市 31,946 217.05
66%
福島県 須賀川市 74,992 279.43
66%
宮城県 岩沼市 44,068 60.45
65%
宮城県 東松島市 39,098 101.3
65%
北海道 赤平市 9,698 129.88
64%
岩手県 遠野市 25,366 825.97
64%
岩手県 八幡平市 24,023 862.3
64%
山形県 上山市 29,110 240.93
64%
北海道 士別市 17,858 1119.22
62%
秋田県 湯沢市 42,091 790.91
61%
北海道 美唄市 20,413 277.69
60%
山形県 村山市 22,516 196.98
60%
北海道 芦別市 12,555 865.04
58%
山形県 寒河江市 40,189 139.03
57%
北海道 三笠市 8,040 302.52
56%
山形県 尾花沢市 14,971 372.53
56%
岩手県 滝沢市 55,579 182.46
55%
秋田県 鹿角市 29,088 707.52
55%
青森県 平川市 30,567 346.01
54%
福島県 田村市 35,169 458.33
48%
福島県 本宮市 30,236 88.02
47%
山形県 南陽市 30,420 160.52
46%
宮城県 角田市 27,976 147.53
45%
宮城県 富谷市 51,651 49.18
45%
山形県 長井市 26,543 214.67
45%
秋田県 潟上市 31,720 97.72
44%
No matching quizzes found
Score Distribution
Percent of People with Each Score
Percentile by Number Answered
Your Score History
You have not taken this quiz